000 00942nam a2200253Ia 4500
003 OSt
005 20220923211019.0
006 a|||||r|||| 00| 0
007 ta
008 220922b |||||||| |||| 00| 0 hin d
020 _a817055537X (hbk)
_c95
024 _a233,534
037 _b482, 27/03/2008, Vani Prakashan
_cTextual
040 _aARTS
_cARTS
_bhin
041 _2hin
_ahin
082 _aP152:3, P5
100 _aवाजपेयी, किशोरीदास
_9157148
245 0 _aहिन्दी की वर्तनी तथा शब्द - विश्लेषण
246 _aHindī kī vartanī tathā shabda - vishleṣhaṇa
260 _aनई दिल्ली
_b वाणी प्रकाशन
_c2005
300 _a123पृ.
_ccm.
942 _hP152:3, P5
_cTEXL
_2CC
999 _c293928
_d293928